Countries that Start with G - Statistics

General Stats
  • This quiz has been taken 18 times
  • The average score is 8 of 11
Answer Stats
Picture Answer % Correct
Germany
100%
Greece
94%
Ghana
83%
Georgia
78%
Guatemala
72%
Gambia
67%
Gabon
61%
Guinea
61%
Guinea-Bissau
61%
Guyana
61%
Grenada
50%
No matching quizzes found
Score Distribution
Percent of People with Each Score
Percentile by Number Answered
Your Score History
You have not taken this quiz